[Event "43rd ch-IND"]
[Site "Visakhapatnam IND"]
[Date "2006.04.07"]
[Round "7"]
[White "Thejkumar,M"]
[Black "Sriram,J"]
[Result "1-0"]
[WhiteElo "2384"]
[BlackElo "2444"]

1.d4 d5 2.c4 c6 3.Nc3 Nf6 4.e3 e6 5.Nf3 a6 6.a4 c5 7.Bd3 Nc6 8.O-O cxd4 9.exd4 Be7
10.Bg5 O-O 11.Re1 Nb4 12.cxd5 exd5 13.Ne5 Be6 14.Rc1 Nxd3 15.Nxd3 h6 16.Bh4 Bf5
17.Re5 Bh7 18.Bxf6 Bxf6 19.Rxd5 Qb6 20.a5 Qc6 21.Ne5 Qe6 22.Nd7 Rfe8 23.Nxf6+ Qxf6
24.Qd2 Be4 25.Rc5 Rad8 26.d5 Qe7 27.Qe3 Bg6 28.Qxe7 Rxe7 29.f3 f6 30.Kf2 Bf7
31.Rd1 Red7 32.Ke3 Re8+ 33.Kd4 g5 34.b4 Kg7 35.Rb1 Rb8 36.b5 b6 37.axb6 Rxb6
38.Rc6 Rb8 39.Rxa6 Bxd5 40.Nxd5 Rbd8 41.Kc4 Rxd5 42.Ra7+ Kg6 43.b6 Rd4+ 44.Kb5 R8d5+
45.Ka6 Rd6 46.Rb2 Rd1 47.Rc7 Ra1+ 48.Kb5 Rd5+ 49.Rc5 Rd7 50.Rc7 Rd5+ 51.Kc6 Rd8
52.Rb5 Rad1 53.b7 R8d6+ 54.Kc5 R1d5+ 55.Kb4 Rd4+ 56.Rc4  1-0

[Event "ch-VIE"]
[Site "Cao Lanh Dong Thap VIE"]
[Date "2006.04.08"]
[Round "8"]
[White "Bui Vinh"]
[Black "Nguyen Hoang Nam"]
[Result "0-1"]
[WhiteElo "2475"]
[BlackElo "2156"]

1.d4 d5 2.c4 c6 3.Nc3 Nf6 4.e3 e6 5.Nf3 Nbd7 6.Qc2 Bd6 7.b3 O-O 8.Be2 Re8
9.O-O Qe7 10.Rd1 b6 11.Bb2 Bb7 12.e4 dxe4 13.Nxe4 Nxe4 14.Qxe4 f5 15.Qe3 c5
16.Ne5 Rad8 17.Nxd7 Rxd7 18.Bf3 cxd4 19.Bxd4 Bxf3 20.gxf3 Red8 21.Kg2 Ba3
22.b4 Bb2 23.Bxb2 Rxd1 24.Rxd1 Rxd1 25.c5 Qf7 26.Be5 bxc5 27.bxc5 Qd7 28.Bd6 Kf7
29.Qb3 Rxd6 30.cxd6 Qxd6 31.Qb7+ Qe7 32.Qc6 Qa3 33.Qd7+ Kf6 34.Qd8+ Kf7 35.Qd7+ Qe7
36.Qc6 a5 37.a4 Qd8 38.Qb7+ Kf6 39.Qb2+ Kg6 40.Qb5 h6 41.Qc6 Qd5 42.Qe8+ Kh7
43.Qb5 Kg6 44.Qe8+ Kg5 45.Qe7+ Kg6 46.Qe8+ Kh7 47.Qb5 f4 48.Qb1+ Qf5 49.Qb5 Kg6
50.Qe8+ Kg5 51.Qe7+ Kg6 52.Qe8+ Qf7 53.Qb5 Qc7 54.Qe2 Kf6 55.Qe4 Qe5 56.Qa8 Kg5
57.Qd8+ Kh5 58.Qe8+ Kh4 59.Kf1 Kh3 60.Qg6 Qg5 61.Qxe6+ Kxh2 62.Qd7 g6 63.Qc6 h5
64.Qd7 h4 65.Qb5 Qf5 66.Qd7 h3 67.Qb5 Kh1 68.Qc6 h2 69.Qe6 Qb1+ 70.Ke2 Qc2+
71.Ke1 Qxa4 72.Qxg6 Qb4+ 73.Kf1 Qc4+ 74.Ke1 a4  0-1

[Event "XXIX Open"]
[Site "Donostia San Sebastian ESP"]
[Date "2006.04.08"]
[Round "1"]
[White "Chevry,P"]
[Black "Cifuentes Parada,R"]
[Result "0-1"]
[WhiteElo "1958"]
[BlackElo "2494"]

1.d4 d5 2.c4 c6 3.Nf3 Nf6 4.Nc3 e6 5.e3 Nbd7 6.Qc2 Bd6 7.g4 h6 8.Rg1 e5 9.cxd5 Nxd5
10.Ne4 Bb4+ 11.Bd2 Qe7 12.Be2 exd4 13.Nxd4 Bxd2+ 14.Nxd2 g6 15.O-O-O Nb4
16.Qb3 Nc5 17.Qa3 O-O 18.Kb1 Ne4 19.f3 Nxd2+ 20.Rxd2 c5 21.Nb5 Be6 22.Nc3 Rfd8
23.Rgd1 Rxd2 24.Rxd2 Rd8 25.Ne4 Rxd2 26.Nxd2 Qh4 27.Qa4 Qf2 28.Qd1 Bxa2+
29.Ka1 Qxe3 30.Nc4 Bxc4 31.Bxc4 Qd4 32.Qc1 Kg7 33.Kb1 g5 34.h4 gxh4 35.f4 Qe4+
36.Ka1 Nc2+  0-1

[Event "XXIX Open"]
[Site "Donostia San Sebastian ESP"]
[Date "2006.04.08"]
[Round "1"]
[White "Flear,G"]
[Black "Kuende Gorostidi,J"]
[Result "1-0"]
[WhiteElo "2465"]
[BlackElo "1851"]

1.d4 e6 2.c4 c6 3.Nc3 d5 4.e3 Nf6 5.Nf3 Be7 6.Bd3 a6 7.c5 b6 8.b4 a5 9.Na4 Nbd7
10.b5 bxc5 11.bxc6 Nb8 12.dxc5 Nxc6 13.Bb5 Bd7 14.Nb6 Rb8 15.Qa4 Rxb6 16.cxb6 Qxb6
17.Bd2 O-O 18.O-O Ne5 19.Bxd7 Nfxd7 20.Nxe5 Nxe5 21.Rab1 Qa6 22.Qxa5 Qd3
23.Qc3 Qf5 24.Rb7 Bd6 25.Qd4 Qg6 26.f4 Ng4 27.Rc1 e5 28.Qxd5 exf4 29.Rc6 fxe3
30.Rxd6 Qc2 31.Rxf7 Qd1+ 32.Rf1+  1-0

[Event "7th ch-Euro w"]
[Site "Kusadasi TUR"]
[Date "2006.04.08"]
[Round "5"]
[White "Turova,I"]
[Black "Calotescu,A"]
[Result "1-0"]
[WhiteElo "2379"]
[BlackElo "2330"]

1.d4 d5 2.c4 c6 3.Nc3 Nf6 4.e3 e6 5.Nf3 Bd6 6.Bd3 Nbd7 7.O-O O-O 8.e4 dxe4
9.Nxe4 Nxe4 10.Bxe4 Nf6 11.Bc2 c5 12.Bg5 cxd4 13.Qd3 g6 14.Qxd4 Be7 15.Qh4 Re8
16.Ne5 Nh5 17.Rad1 Qc7 18.Bxe7 Rxe7 19.Rfe1 f5 20.Ba4 Kg7 21.Nd7 Rf7 22.Qd4+ Nf6
23.Nxf6 Rxf6 24.c5 b6 25.Rc1 g5 26.cxb6 Qxb6 27.Qd2 h6 28.Rxc8 Rxc8 29.Qd7+ Rf7
30.Qxc8 Rc7 31.Qd8  1-0

[Event "7th ch-Euro"]
[Site "Kusadasi TUR"]
[Date "2006.04.08"]
[Round "5"]
[White "Moiseenko,A1"]
[Black "Malakhatko,V"]
[Result "1/2-1/2"]
[WhiteElo "2657"]
[BlackElo "2556"]

1.d4 d5 2.c4 c6 3.Nc3 Nf6 4.Nf3 e6 5.e3 a6 6.b3 Bb4 7.Bd2 Nbd7 8.Bd3 O-O
9.O-O Bd6 10.e4 dxc4 11.bxc4 e5 12.c5 Bc7 13.Na4 exd4 14.h3 Re8 15.Re1 Nf8
16.e5 Nd5 17.Bg5 Qd7 18.Rc1 Nc3 19.Nxc3 dxc3 20.Qc2 Ba5 21.Re4 Qc7 22.Nd4 Ne6
23.Nxe6 Bxe6 24.Re3 h6 25.Bh4 Bb4 26.Qe2 Bxc5 27.Rg3 Be7 28.Bf6 Bxf6 29.exf6 Qf4
30.Rxg7+ Kf8 31.Bh7 Qxf6 32.Rg3 Rad8 33.Rcxc3 Ke7 34.Qb2 Rd1+ 35.Kh2 Rd7
36.Be4 Qe5 37.Qb4+ Qd6 38.Qa5 Rg8 39.Rd3 Qf4 40.Qc5+ Kd8 41.Qb6+ Ke7 42.Qc5+ Kd8
43.Qb6+ Ke7 44.Qb4+ Kd8 45.Rf3 Qc7 46.Bh7 Re8 47.a4 Kc8 48.Qh4 Rd1 49.Qxh6 Qe5
50.Rd3 Ra1 51.Re3 Qc5 52.Qf4 Qc1 53.Rg8 Qh1+ 54.Kg3 Rxg8+ 55.Bxg8 Rg1 56.Kh4 Rxg2
57.Rxe6 Rxg8 58.Re7 Rh8+ 59.Kg5 Qg2+ 60.Qg4+ Qxg4+ 61.hxg4 c5 62.a5 Rg8+
63.Kf5 Kb8 64.g5 c4 65.Re3 Rc8 66.Rc3 Rc6 67.Ke5 b5 68.axb6 Kb7 69.Kd5 Kxb6
70.Rxc4 Rxc4 71.Kxc4 Kc6 72.f4 Kd6 73.f5 Ke5 74.g6 fxg6 75.fxg6  1/2-1/2

[Event "FSIM April"]
[Site "Budapest HUN"]
[Date "2006.04.09"]
[Round "9"]
[White "Nguyen Huynh Minh H"]
[Black "Duong The Anh"]
[Result "1/2-1/2"]
[WhiteElo "2294"]
[BlackElo "2325"]

1.d4 d5 2.c4 c6 3.Nf3 Nf6 4.Nc3 e6 5.e3 Nbd7 6.Qc2 Bd6 7.Bd3 O-O 8.O-O dxc4
9.Bxc4 b5 10.Be2 a6 11.Rd1  1/2-1/2

[Event "TCh-HUN 2005-6"]
[Site "Hungary HUN"]
[Date "2006.04.09"]
[Round "10"]
[White "Kovacs,Ga2"]
[Black "Chernin,A"]
[Result "1/2-1/2"]
[WhiteElo "2456"]
[BlackElo "2586"]

1.d4 d5 2.c4 c6 3.Nf3 Nf6 4.Nc3 e6 5.e3 a6 6.b3 Bb4 7.Bd2 Nbd7 8.Bd3 O-O
9.O-O Qe7 10.Qc2 h6 11.Rad1 Re8 12.Rfe1 dxc4 13.bxc4 e5 14.Ne4 Bxd2 15.Rxd2 Nxe4
16.Bxe4 Kh8 17.Rdd1 Qf6 18.h3 a5 19.Bf5 exd4 20.exd4 Rd8 21.Re3 Kg8 22.Qb1 Rb8
23.Bh7+ Kh8 24.Bf5 Kg8 25.Bh7+  1/2-1/2

[Event "TCh-HUN 2005-6"]
[Site "Hungary HUN"]
[Date "2006.04.09"]
[Round "10"]
[White "Markus,R"]
[Black "Erdos,V"]
[Result "1/2-1/2"]
[WhiteElo "2585"]
[BlackElo "2523"]

1.d4 d5 2.c4 c6 3.Nc3 Nf6 4.e3 e6 5.Nf3 Nbd7 6.Qc2 Bd6 7.b3 O-O 8.Be2 dxc4
9.bxc4 e5 10.O-O Re8 11.Rd1 exd4 12.exd4 Nf8 13.h3 Ng6 14.Bf1 Qa5 15.c5 Bf4
16.Ng5 Be6 17.Bxf4 Nxf4 18.Nge4 Nxe4 19.Nxe4 Bd5 20.Nd6 Re6 21.Qd2 Qxd2  1/2-1/2

[Event "7th ch-Euro"]
[Site "Kusadasi TUR"]
[Date "2006.04.09"]
[Round "6"]
[White "Arlandi,E"]
[Black "Michalczak,T"]
[Result "0-1"]
[WhiteElo "2458"]
[BlackElo "2361"]

1.d4 d5 2.c4 e6 3.Nc3 c6 4.e3 Nf6 5.Nf3 a6 6.b3 Bb4 7.Bd2 Bd6 8.Bd3 c5 9.cxd5 exd5
10.dxc5 Bxc5 11.h3 Nc6 12.O-O O-O 13.Na4 Bd6 14.Qc2 Re8 15.Rad1 Ne4 16.Nc3 Nb4
17.Qb1 Nf6 18.Bc1 Be6 19.Bb2 Qe7 20.Nd4 Bd7 21.Nf5 Bxf5 22.Bxf5 g6 23.Bd3 Qe5
24.g3 Qg5 25.Ne2 Ne4 26.Kg2 Nxg3 27.h4 Qg4 28.Nxg3 Rxe3 29.Rd2 Rxg3+ 30.fxg3 Qxg3+
31.Kh1 Qh3+ 32.Kg1 Bc5+ 33.Rff2 Qg3+ 34.Kf1 Bxf2 35.Be4 Qg1+ 36.Ke2 dxe4  0-1

[Event "7th ch-Euro"]
[Site "Kusadasi TUR"]
[Date "2006.04.09"]
[Round "6"]
[White "Pashikian,A"]
[Black "Luther,T"]
[Result "1/2-1/2"]
[WhiteElo "2472"]
[BlackElo "2569"]

1.d4 e6 2.c4 Nf6 3.Nf3 d5 4.Nc3 c6 5.e3 a6 6.b3 Bb4 7.Bd2 O-O 8.Bd3 Nbd7
9.O-O Bd6 10.e4 dxc4 11.Bxc4 e5 12.Bg5 b5  1/2-1/2

[Event "Open NOR-ch"]
[Site "Oslo NOR"]
[Date "2006.04.09"]
[Round "2"]
[White "Aandal,K"]
[Black "Svenske,J"]
[Result "1-0"]
[WhiteElo "1978"]
[BlackElo "1752"]

1.d4 Nf6 2.c4 e6 3.Nc3 d5 4.Nf3 c6 5.e3 Bd6 6.Qc2 Nbd7 7.g4 dxc4 8.Bxc4 Nb6
9.Be2 O-O 10.Bd2 Qe7 11.g5 Nfd7 12.O-O-O c5 13.h4 cxd4 14.Nxd4 Nc5 15.e4 Bd7
16.Kb1 Rac8 17.Rdg1 Nca4 18.Qd3 Nxc3+ 19.Bxc3 Na4 20.Bd2 Be5 21.f4 Bxd4 22.Qxd4 Rfd8
23.Bb4 Qe8 24.Qe5 Bc6 25.h5 Rd7 26.h6 f6  1-0

[Event "Open NOR-ch"]
[Site "Oslo NOR"]
[Date "2006.04.09"]
[Round "2"]
[White "Vea,O"]
[Black "Stokke,K"]
[Result "1/2-1/2"]
[WhiteElo "2143"]
[BlackElo "2302"]

1.d4 d5 2.c4 c6 3.e3 Nf6 4.Nc3 e6 5.Nf3 Bd6 6.Qc2 O-O 7.Bd3 dxc4 8.Bxc4 Nbd7
9.e4 e5 10.Be3 exd4 11.Bxd4 Qe7 12.O-O Ne5 13.Nxe5 Bxe5 14.Bxe5 Qxe5 15.h3 Nh5
16.Ne2 Be6 17.Bxe6 fxe6 18.f3 Rf7 19.Qc3 Qxc3 20.Nxc3 Rd8 21.Rad1 Rfd7 22.Rxd7 Rxd7
23.Rd1 Rxd1+ 24.Nxd1 Nf4 25.h4 Nd3 26.Kf1 Kf7 27.a3 Ke7 28.g3 c5 29.Ke2 c4
30.Ke3 Kd6 31.f4 b5 32.e5+ Kc6 33.b3 Ne1 34.Kd2 Nf3+ 35.Ke3 Ne1 36.Kd2 Nf3+
37.Ke3  1/2-1/2

[Event "XXIX Open"]
[Site "Donostia San Sebastian ESP"]
[Date "2006.04.10"]
[Round "4"]
[White "Cruz Lopez Claret,C"]
[Black "Alvarado Fernandez,M"]
[Result "1-0"]
[WhiteElo "2330"]
[BlackElo "2037"]

1.d4 d5 2.c4 c6 3.Nc3 Nf6 4.e3 e6 5.Nf3 Nbd7 6.Bd3 dxc4 7.Bxc4 b5 8.Bd3 Bd6
9.O-O O-O 10.Qc2 Bb7 11.e4 e5 12.Rd1 Qc7 13.h3 b4 14.Ne2 Rac8 15.dxe5 Nxe5
16.Nxe5 Bxe5 17.f4 Qb6+ 18.Kh2 Bb8 19.e5 Nd5 20.Bxh7+ Kh8 21.Be4 Rfd8 22.Qb3 a5
23.Qf3 Kg8 24.b3 Ba6 25.Bxd5 Rxd5 26.Be3 Qd8 27.Nd4 Bb7 28.Nf5 Qf8 29.Rac1 g6
30.Ng3 Rcd8 31.Ne4 Rxd1 32.Rxd1 Rxd1 33.Qxd1 Bc7 34.Bc5 Qd8 35.Nf6+ Kg7 36.Qg4 Bb8
37.Qh4  1-0

[Event "XXIX Open"]
[Site "Donostia San Sebastian ESP"]
[Date "2006.04.10"]
[Round "4"]
[White "Cifuentes Parada,R"]
[Black "Andres Gonzalez,I"]
[Result "1/2-1/2"]
[WhiteElo "2494"]
[BlackElo "2330"]

1.Nf3 Nf6 2.c4 e6 3.Nc3 d5 4.d4 c6 5.e3 Nbd7 6.Qc2 Bd6 7.Bd2 O-O 8.O-O-O dxc4
9.Bxc4 Qe7 10.Ne4 Nxe4 11.Qxe4 e5 12.Bc3 Nf6 13.Qc2 e4 14.Ne5 Be6 15.Qb3 Bxc4  1/2-1/2

[Event "XXXVII Open"]
[Site "Mar del Plata ARG"]
[Date "2006.04.10"]
[Round "4"]
[White "Lopez,Di"]
[Black "Cubas,Jo"]
[Result "0-1"]
[WhiteElo "2120"]
[BlackElo "2425"]

1.d4 d5 2.c4 e6 3.Nf3 Nf6 4.Nc3 c6 5.e3 Nbd7 6.Be2 Bd6 7.O-O O-O 8.Qc2 dxc4
9.Bxc4 Qe7 10.Rd1 e5 11.h3 b5 12.Bf1 Bb7 13.b3 a6 14.Bb2 e4 15.Nd2 c5 16.Ne2 Rac8
17.Qb1 h5 18.h4 Ng4 19.g3 Qf6 20.Nf4 Bxf4 21.exf4 e3 22.Ne4 Bxe4 23.Qxe4 Rce8
24.Qc2 exf2+ 25.Kh1 Re3 26.Rd3 Rfe8 27.d5 Qe7  0-1

[Event "43rd ch-IND"]
[Site "Visakhapatnam IND"]
[Date "2006.04.10"]
[Round "12"]
[White "Roy Chowdhury,S"]
[Black "Deepan,C"]
[Result "1/2-1/2"]
[WhiteElo "2393"]
[BlackElo "2428"]

1.Nf3 d5 2.e3 Nf6 3.d4 c6 4.c4 e6 5.Nc3 Nbd7 6.b3 Bd6 7.Be2 O-O 8.Bb2 b6
9.O-O Bb7 10.Rc1 Qe7 11.Bd3 Rad8 12.cxd5 exd5 13.Qe2 Rfe8 14.Rfe1 Ne4 15.Ba6 Ba8
16.Nd2 f5 17.Bd3 Qf7 18.Nf1 Kh8 19.f3 Nxc3 20.Bxc3 f4 21.Qf2 Nf8 22.exf4 Bxf4
23.Rxe8 Rxe8 24.Re1 Bb7 25.Rxe8 Qxe8 26.Qh4 Bd6 27.Bd2 Bc8 28.Bg5  1/2-1/2

[Event "ch-VIE sf"]
[Site "Cao Lanh Dong Thap VIE"]
[Date "2006.04.11"]
[Round "1.2"]
[White "Dao Thien Hai"]
[Black "Nguyen Hoang Nam"]
[Result "1-0"]
[WhiteElo "2560"]
[BlackElo "2156"]

1.d4 d5 2.c4 c6 3.Nc3 Nf6 4.e3 e6 5.Nf3 Nbd7 6.Qc2 Bd6 7.g4 Bb4 8.Bd2 Qe7
9.h3 b6 10.Rg1 O-O 11.Bd3 Ba6 12.g5 Bxc3 13.Bxc3 Ne4 14.Bxe4 dxe4 15.Nd2 f5
16.gxf6 Nxf6 17.b3 Nd5 18.Nxe4 Nxc3 19.Qxc3 c5 20.O-O-O Bb7 21.d5 exd5 22.cxd5 g6
23.Rg4 Ba6 24.Rd2 Bb5 25.d6 Qe6 26.Ng5 Qd7 27.Rh4 h5 28.Re4 Rae8 29.Rxe8 Qxe8
30.f4 Qd7 31.Rd5 Rf5 32.Rxf5 Qxf5 33.Qe5 Bd7 34.Qe7 Qd3 35.Qf7+  1-0

[Event "7th ch-Euro w"]
[Site "Kusadasi TUR"]
[Date "2006.04.12"]
[Round "8"]
[White "Dzagnidze,N"]
[Black "Benderac,A"]
[Result "1-0"]
[WhiteElo "2452"]
[BlackElo "2302"]

1.d4 Nf6 2.c4 e6 3.Nf3 d5 4.Nc3 c6 5.e3 Nbd7 6.Qc2 Bd6 7.Bd3 O-O 8.O-O e5
9.cxd5 cxd5 10.e4 exd4 11.Nxd5 Ne5 12.Nxe5 Bxe5 13.f4 Bb8 14.Nxf6+ Qxf6 15.e5 Qh4
16.Bd2 a6 17.Rae1 Bd7 18.Rf3 Re8 19.Be4 Ba7 20.Kh1 Rac8 21.Qb1 Rc7 22.f5 Rec8
23.Rf4 Qd8 24.Qd1 Bc6 25.f6 Bxe4 26.Rfxe4 Qd5 27.Qg4 g6 28.Qf4 Bc5 29.b4 Bf8
30.Rxd4 Qxa2 31.e6 fxe6 32.Rde4 Rf7 33.Rxe6 Rd7 34.R6e2 Rc2 35.Rf1 Kf7 36.Re7+ Bxe7
37.fxe7+ Kxe7 38.Qf6+  1-0

[Event "7th ch-Euro"]
[Site "Kusadasi TUR"]
[Date "2006.04.12"]
[Round "8"]
[White "Iskusnyh,S"]
[Black "Haznedaroglu,K"]
[Result "1-0"]
[WhiteElo "2510"]
[BlackElo "2438"]

1.d4 d5 2.c4 c6 3.Nc3 Nf6 4.e3 e6 5.Nf3 Nbd7 6.Bd3 dxc4 7.Bxc4 b5 8.Bd3 Bd6
9.Ng5 a6 10.Qf3 Bb7 11.O-O Qc7 12.Qh3 e5 13.Bg6 Nf8 14.Bxf7+ Ke7 15.f4 Bc8
16.Qh4 exd4 17.exd4 Bf5 18.Bb3 Ng6 19.Qe1+ Kf8 20.Nf7 Re8 21.Qg3 Qa7 22.Nxd6 Qxd4+
23.Be3 Qxd6 24.Rad1 Qe7 25.Rfe1 Nd7 26.Qf2 a5 27.Bd4 Qb4 28.Rxe8+ Kxe8 29.Bxg7 a4
30.Bxh8 axb3 31.Be5 bxa2 32.Nxa2 Qb3 33.Re1 Kf7 34.Qe2 Nf6 35.Nc3 b4 36.Bxf6 Kxf6
37.Ne4+ Kg7 38.Nd6 Bd3 39.Qf3 Qc2 40.Kh1 Kf6 41.Qe3  1-0

[Event "7th ch-Euro"]
[Site "Kusadasi TUR"]
[Date "2006.04.12"]
[Round "8"]
[White "Atalik,S"]
[Black "Kotanjian,T"]
[Result "1-0"]
[WhiteElo "2618"]
[BlackElo "2471"]

1.d4 d5 2.c4 c6 3.Nc3 Nf6 4.e3 e6 5.Nf3 Nbd7 6.Bd3 dxc4 7.Bxc4 b5 8.Bd3 a6
9.e4 c5 10.e5 cxd4 11.Nxb5 axb5 12.exf6 gxf6 13.O-O Qb6 14.Qe2 b4 15.Rd1 Bc5
16.a4 bxa3 17.bxa3 e5 18.Rb1 Qe6 19.Nh4 Ba6 20.Qf3 Bxd3 21.Qxa8+ Ke7 22.Qxh8 Bxb1
23.h3 Qa6 24.Re1 Bg6 25.Nf3 d3 26.Bf4 Qxa3 27.Nxe5 Bxf2+ 28.Kxf2 Qc5+ 29.Kf1 fxe5
30.Bxe5 Qc4 31.Bc7+ Be4 32.Qd8+ Ke6 33.Qe8+ Kf6 34.Bd8+  1-0

[Event "7th ch-Euro"]
[Site "Kusadasi TUR"]
[Date "2006.04.12"]
[Round "8"]
[White "Jovanic,O"]
[Black "Godena,M"]
[Result "1-0"]
[WhiteElo "2477"]
[BlackElo "2505"]

1.d4 Nf6 2.c4 e6 3.Nf3 d5 4.Nc3 c6 5.e3 a6 6.c5 Nbd7 7.b4 Qc7 8.Bb2 g6 9.Bd3 Bg7
10.O-O O-O 11.Na4 Rb8 12.Qe2 Nh5 13.g4 Nhf6 14.h3 Ne8 15.Nh4 e5 16.f4 exf4
17.exf4 b5 18.cxb6 Nxb6 19.Nc5 Nd6 20.Rae1 Nbc4 21.Bc3 Nb5 22.Qc2 Nxd4 23.Qc1 Qd8
24.Ng2 Nb5 25.Bxg7 Kxg7 26.f5 Qf6 27.Kh1 Nbd6 28.fxg6 Qb2 29.Qf4 hxg6 30.Bxc4 Nxc4
31.Qxb8 Bxg4 32.Qg3 Bxh3 33.Qxh3 Rh8 34.Nh4 g5 35.Rxf7+ Kxf7 36.Qd7+  1-0

[Event "XXXVII Open"]
[Site "Mar del Plata ARG"]
[Date "2006.04.12"]
[Round "6"]
[White "Corsi Ferrari,N"]
[Black "Herrera,Mart"]
[Result "1/2-1/2"]
[WhiteElo "2269"]
[BlackElo "2197"]

1.d4 d5 2.c4 c6 3.Nc3 Nf6 4.Nf3 e6 5.e3 Nbd7 6.Qc2 Bd6 7.Bd2 a6 8.g4 dxc4
9.Bxc4 Nd5 10.e4 Nxc3 11.Bxc3 b5 12.Bd3 Bb7 13.e5 Be7 14.Be4 Qb6 15.O-O c5
16.Ba5 Qa7 17.Rfd1 cxd4 18.Rxd4 Rc8 19.Qd1 Bxe4 20.Rxe4 Bc5 21.Qe2 O-O 22.g5 Rc6
23.Rh4 Rfc8 24.Rf1 Be7 25.Bc3 Nf8 26.a3 Ng6 27.Bd4 Qb7 28.Re4 R6c7 29.Qe3 b4
30.axb4 Bxb4 31.h4 Ne7 32.Qd3 Qd5 33.Rd1 Rc1 34.Rxc1 Rxc1+ 35.Kg2 Nf5 36.Rf4 g6
37.Qxa6 Bd2 38.Rxf5 gxf5 39.Qd6 Bf4 40.Qe7 Rc4 41.h5 Rc8 42.g6 hxg6 43.hxg6 fxg6
44.Qf6 g5 45.Qg6+ Kf8 46.Bc3 Rxc3 47.Qh6+ Ke8 48.bxc3 Qxf3+ 49.Kxf3  1/2-1/2

[Event "32nd ch-IND w"]
[Site "Visakhapatnam IND"]
[Date "2006.04.12"]
[Round "11"]
[White "Harika,D"]
[Black "Nimmy,A"]
[Result "1/2-1/2"]
[WhiteElo "2358"]
[BlackElo "2123"]

1.d4 d5 2.c4 c6 3.Nc3 Nf6 4.e3 e6 5.Nf3 Nbd7 6.Qc2 Bd6 7.b3 O-O 8.Bb2 b6
9.Bd3 Bb7 10.O-O Rc8 11.Rad1 h6 12.Qe2 Qe7 13.e4 dxe4 14.Nxe4 Ba3 15.Ba1 Rfe8
16.Bb1 c5 17.Ne5 cxd4 18.Nxd7 Nxd7 19.Bxd4 e5 20.Bc3 Nf8 21.Ng3 Ng6 22.Qg4 Qh4
23.Qxh4 Nxh4 24.Be4 Bxe4 25.Nxe4 f6 26.Rd7 Re7 27.Rfd1 Kf8 28.Kf1 a5 29.R7d5 Nf5
30.Bd2 Nd4 31.Be3 Bc5 32.Bxd4 exd4 33.Nd6 Rd8 34.Nb5 Rxd5 35.cxd5 Rd7 36.Nxd4 Bxd4
37.Rxd4 Ke7 38.Re4+ Kd8 39.Rg4 Kc7 40.Rc4+ Kb7 41.Re4 Kc7 42.Ke2 Rxd5 43.Ke3 Kd7
44.f4 f5 45.Rc4 Rd1 46.Rd4+ Rxd4 47.Kxd4 Kd6 48.a3 Kc6 49.Kc4 Kd6 50.Kb5 Kc7
51.g3 Kb7 52.h3 h5 53.h4 g6 54.b4 axb4 55.axb4 Kc7  1/2-1/2

[Event "ch-DEN"]
[Site "Aalborg DEN"]
[Date "2006.04.13"]
[Round "6"]
[White "Rasmussen,Kar"]
[Black "Hansen,SuB"]
[Result "1/2-1/2"]
[WhiteElo "2449"]
[BlackElo "2555"]

1.c4 c6 2.d4 d5 3.Nf3 Nf6 4.Nc3 e6 5.e3 a6 6.b3 Bb4 7.Bd2 Nbd7 8.Bd3 O-O
9.O-O Bd6 10.Qe2 Re8 11.h3 e5 12.dxe5 Nxe5 13.Nxe5 Bxe5 14.Rad1 Bb8 15.cxd5 cxd5
16.Qf3 Qd6 17.Qf4 Qxf4 18.exf4 Ba7 19.Rfe1 Bd7 20.Re5 Bc6 21.Rxe8+ Rxe8 22.Re1 Rd8
23.Rd1 d4 24.Ne2 Be4 25.Bxe4 Nxe4 26.Be3 f5 27.Bxd4 g5  1/2-1/2

[Event "17th Pobeskydi Radegast Cup"]
[Site "Frydek Mistek CZE"]
[Date "2006.04.13"]
[Round "2"]
[White "Zabystrzan,P"]
[Black "Stukner,S"]
[Result "1-0"]
[WhiteElo "2259"]
[BlackElo "2054"]

1.Nf3 Nf6 2.d4 d5 3.c4 e6 4.Nc3 c6 5.e3 Nbd7 6.Qc2 Be7 7.Bd3 O-O 8.O-O dxc4
9.Bxc4 b5 10.Bd3 Bb7 11.e4 b4 12.Na4 g6 13.Bh6 Re8 14.Rac1 c5 15.Nxc5 Nxc5
16.dxc5 Rc8 17.Qe2 Ng4 18.Bf4 Bxc5 19.Bb5 Rf8 20.h3 Nf6 21.Bg5 h6 22.Bxh6 Nxe4
23.Bd3 Nxf2 24.Rxc5 Nxd3 25.Rxc8 Bxc8 26.Bxf8 Kxf8 27.Qe3  1-0

[Event "7th ch-Euro"]
[Site "Kusadasi TUR"]
[Date "2006.04.13"]
[Round "9"]
[White "Turov,M"]
[Black "Atalik,S"]
[Result "1/2-1/2"]
[WhiteElo "2539"]
[BlackElo "2618"]

1.d4 d5 2.c4 c6 3.Nc3 Nf6 4.e3 e6 5.Nf3 a6 6.Qc2 c5 7.cxd5 exd5 8.Be2 Nc6
9.Ne5 Qc7 10.Nxc6 Qxc6 11.O-O Bd7 12.Bf3 Be7 13.dxc5 Qxc5 14.Qb3 Bc6 15.Bd2 O-O
16.Rac1 Qd6 17.Ne2 Ne4 18.Rfd1 Ng5 19.Nd4 Qd7 20.Qc2 Nxf3+ 21.Nxf3 Rfc8 22.Bc3 Qg4
23.h3 Qg6 24.Qxg6 hxg6 25.Ne5 g5 26.Rd2 Bf6 27.Nxc6 Rxc6 28.Rxd5 Rac8 29.Rb1 Bxc3
30.bxc3 b5 31.a4 f6 32.axb5 axb5 33.Rbxb5 Rxc3 34.Rb7 R3c7 35.Rxc7 Rxc7 36.Kh2 Kf7
37.Kg3 Rc3 38.Kg4 Kg6 39.g3 Rc1 40.h4 gxh4 41.gxh4 Rg1+ 42.Kf3  1/2-1/2

[Event "Foxwoods Open"]
[Site "Ledyards USA"]
[Date "2006.04.13"]
[Round "3"]
[White "Sharavdorj,D"]
[Black "Shabalov,A"]
[Result "0-1"]
[WhiteElo "2449"]
[BlackElo "2605"]

1.d4 d5 2.Nf3 Nf6 3.c4 c6 4.Nc3 e6 5.e3 Nbd7 6.Qc2 Bd6 7.Be2 O-O 8.O-O dxc4
9.Bxc4 b5 10.Be2 Qc7 11.Rd1 Bb7 12.a3 a6 13.b4 a5 14.Rb1 axb4 15.axb4 Nd5
16.Nxd5 exd5 17.Bd3 Nf6 18.Bd2 Qe7 19.Ne5 Bxe5 20.dxe5 Qxe5 21.Bc3 Qg5 22.Bxf6 Qxf6
23.Bxh7+ Kh8 24.Bd3 Ra3 25.Qb2 Qxb2 26.Rxb2 Rfa8 27.Kf1 Bc8 28.Ke2 g6 29.Bb1 Kg7
30.Rd3 Ra1 31.Rd4 Be6 32.h4 Kf6 33.g4 Rh8 34.g5+ Ke5 35.Kf3 Rha8 36.Kg3 Kd6
37.f4 R8a3 38.h5 Rxe3+ 39.Kg2 gxh5 40.f5 Rxb1 41.Rxb1 Bxf5  0-1

[Event "Foxwoods Open"]
[Site "Ledyards USA"]
[Date "2006.04.13"]
[Round "3"]
[White "Pomerleano,D"]
[Black "Ippolito,D"]
[Result "1/2-1/2"]
[WhiteElo "2280"]
[BlackElo "2413"]

1.d4 Nf6 2.Nf3 d5 3.c4 e6 4.Nc3 c6 5.e3 Nbd7 6.Qc2 Bd6 7.Bd3 O-O 8.O-O e5
9.cxd5 cxd5 10.Nb5 Bb8 11.dxe5 Nxe5 12.Nxe5 Bxe5 13.Bd2 a6 14.Nd4 Qb6 15.Bc3 Bd7
16.f4 Bd6 17.Rf3 Rfe8  1/2-1/2

[Event "LII Nacional Abierto"]
[Site "Mexico City MEX"]
[Date "2006.04.13"]
[Round "4"]
[White "Capo Vidal,U"]
[Black "Morales Garcia,S"]
[Result "1/2-1/2"]
[WhiteElo "2357"]
[BlackElo "2199"]

1.d4 d5 2.c4 c6 3.Nf3 Nf6 4.e3 e6 5.Nc3 Nbd7 6.Bd3 dxc4 7.Bxc4 b5 8.Bd3 Bb7
9.O-O a6 10.e4 c5 11.e5 cxd4 12.Nxb5 Ng4 13.Nbxd4 Ndxe5 14.Qa4+ Qd7 15.Qxd7+ Kxd7
16.Be2 Bc5 17.Nxe5+ Nxe5 18.Nb3 Bb6 19.Bf4 Ng6 20.Rad1+ Bd5 21.Be3 Bxe3 22.fxe3 Ke7
23.Nc5 Rhc8 24.b4 a5 25.a3 axb4 26.axb4 Ne5 27.e4 Bc6 28.Rd4  1/2-1/2

[Event "ch-BLR u20"]
[Site "Minsk BLR"]
[Date "2006.04.13"]
[Round "7"]
[White "Pogosian,M"]
[Black "Podolchenko,E"]
[Result "0-1"]
[WhiteElo "2144"]
[BlackElo "2252"]

1.d4 d5 2.c4 c6 3.Nc3 Nf6 4.Nf3 e6 5.e3 Nbd7 6.Bd3 Bd6 7.O-O O-O 8.b3 Qe7
9.Bb2 e5 10.e4 dxc4 11.Bxc4 b5 12.Bd3 Bb7 13.Ne2 c5 14.d5 c4 15.bxc4 bxc4
16.Bc2 Ba6 17.Bc3 Rab8 18.Nd2 Nc5 19.Ng3 g6 20.Kh1 h5 21.Qf3 h4 22.Ne2 Nh5
23.g3 Qg5 24.Rg1 Nd3 25.gxh4 Qxh4 26.Ng3 Nhf4 27.Raf1 Qh3 28.Nf5 Qxf3+ 29.Nxf3 Ne2
30.Nxd6 Nxc3 31.Nf5 Nxe4 32.Ne3 Ndxf2+ 33.Kg2 Nd3 34.Bxd3 cxd3 35.Nxe5 Rb2+
36.Kh3 Bc8+ 37.N3g4 Kg7 38.Nf3 Rh8+ 39.Nh4 g5  0-1

[Event "ch-DEN Gladiator"]
[Site "Aalborg DEN"]
[Date "2006.04.14"]
[Round "7"]
[White "Bekker Jensen,S"]
[Black "Hansen,SuB"]
[Result "1/2-1/2"]
[WhiteElo "2393"]
[BlackElo "2555"]

1.d4 d5 2.c4 c6 3.Nf3 Nf6 4.Nc3 e6 5.e3 a6 6.c5 Nbd7 7.b4 g6 8.Bb2 Bg7 9.Bd3 O-O
10.O-O Re8 11.Ne2 e5 12.Nxe5 Nxe5 13.dxe5 Ng4 14.Nd4 Nxe5 15.Be2 Qh4 16.Qc2 Bg4
17.h3 Bxe2 18.Qxe2 Qe4 19.Rad1 Nc4 20.Bc3 h5 21.a4 Qe7 22.a5 Qe4 23.Qd3 Qe7
24.Nf3 Bxc3 25.Qxc3 Ne5 26.Nxe5 Qxe5 27.Qxe5 Rxe5 28.Rd4 Rae8 29.g3 Kg7 30.Kg2 f5
31.h4 Re4 32.Rfd1 Kf6 33.Kf3 Rg4 34.Rf4 Rxf4+ 35.gxf4 Re4 36.Rd4 Rxd4  1/2-1/2

[Event "ch-DEN"]
[Site "Aalborg DEN"]
[Date "2006.04.14"]
[Round "7"]
[White "Pedersen,Stef"]
[Black "Rasmussen,Kar"]
[Result "0-1"]
[WhiteElo "2446"]
[BlackElo "2449"]

1.d4 d5 2.c4 c6 3.Nc3 Nf6 4.e3 e6 5.Nf3 Nbd7 6.Qc2 Bd6 7.g4 h6 8.Bd2 dxc4
9.Bxc4 b5 10.Be2 Bb7 11.g5 hxg5 12.Nxg5 Qe7 13.Bf3 Nd5 14.Nge4 Bxh2 15.O-O-O f5
16.Ng3 Nb4 17.Qb1 O-O-O 18.a3 Na6 19.Qc2 b4 20.Na4 bxa3 21.Ba5 a2 22.Kd2 Ne5
23.Be2 Rd5 24.Qc3 c5 25.Bxa6 Bxa6 26.Nxc5 Qxc5 27.Qxc5+ Rxc5 28.dxc5 Nc4+
29.Kc3 Nxa5 30.Rd6 Bb7 31.Rhd1 Bxg3 32.fxg3 Bd5 33.Ra6 Nc6 34.b4 Kb7 35.Ra3 a6
36.g4 Rh3  0-1

[Event "44th Doeberl Cup"]
[Site "Canberra AUS"]
[Date "2006.04.14"]
[Round "2"]
[White "Rej,T"]
[Black "Hvistendahl,R"]
[Result "1-0"]
[WhiteElo "2264"]
[BlackElo "1696"]

1.d4 d5 2.c4 e6 3.Nc3 c6 4.e3 Nf6 5.Nf3 Nbd7 6.Bd3 dxc4 7.Bxc4 b5 8.Bd3 a6
9.e4 c5 10.a3 Bb7 11.Bg5 h6 12.Bxf6 Nxf6 13.O-O b4 14.axb4 cxb4 15.Qa4+ Qd7
16.Nb5 axb5 17.Qxa8+ Bxa8 18.Rxa8+ Ke7 19.Rfa1 g5 20.Ne5 Qd6 21.R1a7+ Nd7
22.Bxb5 Bg7 23.Nc6+ Qxc6 24.Bxc6 Rxa8 25.Rxd7+  1-0